Návrh na doplnění vzdělání v oblasti bezpečnosti u delegátů cestovních kanceláří

Saved in:
Bibliographic Details
Main Author Zlámalová, Klára (Dissertant)
Other Authors Tučková, Zuzana (Thesis advisor)
Format Manuscript Book
LanguageCzech
Published 2025
Subjects
Online AccessPlný text v Digitální knihovně UTB
Physical Description95 s. (138 475 znaků)

Cover

LEADER 00000ntm a22000007u 4500
001 zp71431
041 |a cze 
100 1 |a Zlámalová, Klára  |4 dis 
245 1 0 |a Návrh na doplnění vzdělání v oblasti bezpečnosti u delegátů cestovních kanceláří 
246 |a Proposal to Supplement Security Education for Travel Agency Delegates 
260 |c 2025 
300 |a 95 s. (138 475 znaků) 
500 |a Studijní obor: Ochrana obyvatelstva 
500 |a Studijní obor: Population Protection 
500 |a Ústav: Ústav ochrany obyvatelstva 
500 |a Univerzita Tomáše Bati ve Zlíně. Fakulta logistiky a krizového řízení 
500 |a Tomas Bata University in Zlín. Faculty of Logistics and Crisis Management 
506 |a Bez omezení 
653 |a bezpečnost 
653 |a cestovní kancelář 
653 |a cestovní ruch 
653 |a delegát 
653 |a krizová situace 
653 |a risk 
653 |a safety 
653 |a travel agency 
653 |a tourism 
653 |a delegate 
653 |a crisis situation 
653 |a risk 
655 4 |a diplomová práce 
700 1 |a Tučková, Zuzana  |4 ths 
710 2 |a Univerzita Tomáše Bati ve Zlíně. Fakulta logistiky a krizového řízení  |4 dgg 
710 2 |a Tomas Bata University in Zlín. Faculty of Logistics and Crisis Management  |4 dgg 
856 4 0 |u http://hdl.handle.net/10563/58645  |y Plný text v Digitální knihovně UTB